| 000 | 01735nam a2200241Ia 4500 | ||
|---|---|---|---|
| 008 | 260220t1973||||xx |||||||||||||| ||spa|| | ||
| 040 |
_aPY-SlUNAC _bspa _erda |
||
| 041 | _aspa | ||
| 082 |
_a576.648 2 _bEs64b |
||
| 100 |
_aEspejo T., Romilio _eAutor |
||
| 245 | 0 |
_aBacteriófagos / _cpor Romilio Espejo T. [Autor] |
|
| 264 |
_aWashington D. C. : _bOrganización de los Estados Americanos, _c℗1973. |
||
| 300 | _a1 volumen | ||
| 520 | _aEl libro "Bacteriófagos", escrito por Romilio Espejo T., ofrece un análisis exhaustivo sobre los bacteriófagos, virus que infectan bacterias y que han cobrado relevancia en el ámbito de la microbiología y la biotecnología. A lo largo de sus capítulos, el autor examina la estructura, ciclo de vida y mecanismos de acción de estos virus, destacando su potencial en el tratamiento de infecciones bacterianas resistentes a antibióticos. Además, Espejo T. aborda las aplicaciones terapéuticas de los bacteriófagos, así como sus implicaciones en la salud pública y la industria. El texto también incluye discusiones sobre los métodos de aislamiento y caracterización de estos fagos, así como los desafíos éticos y regulatorios que surgen en su uso clínico. Esta obra se convierte en una referencia esencial para investigadores y profesionales en el campo de la microbiología, al proporcionar una comprensión profunda de los bacteriófagos y su importancia en el desarrollo de nuevas estrategias antimicrobianas. | ||
| 653 | _aBacteriófagos | ||
| 653 | _aBiotecnología | ||
| 653 | _aMicrobiología | ||
| 942 |
_b2026/02/17 _cBK |
||
| 999 |
_c8209 _d8209 |
||